000 00649cab a22001935a 4500
001 L148898
008 091123e20090926xxkd f s 000 0 eng d
035 _a(Sirsi) u148898
041 0 _aeng
100 1 _aMackmin, David
245 0 0 _aPut the bases to the test
260 _c2009
490 _aEstates Gazette
_v(0938) 26 September 2009, 106-107(2)
520 _aDiscusses the different types of yields and the importance of choosing the right one. Explains how to calculate them (see also related article L148511).
590 _aKA
651 4 _aEngland and Wales
_y1543-
690 _aPROPERTY-PROPERTY APPRAISAL AND VALUATION
942 _n0
999 _c81996
_d81996